<?xml version="1.0" encoding="UTF-8"?>
<record
    xmlns:xsi="http://www.w3.org/2001/XMLSchema-instance"
    xsi:schemaLocation="http://www.loc.gov/MARC21/slim http://www.loc.gov/standards/marcxml/schema/MARC21slim.xsd"
    xmlns="http://www.loc.gov/MARC21/slim">

  <leader>00531nam a22001937a 4500</leader>
  <controlfield tag="005">20260515114855.0</controlfield>
  <controlfield tag="008">201205b           ||||| |||| 00| 0 eng d</controlfield>
  <datafield tag="020" ind1=" " ind2=" ">
    <subfield code="a">9789390434428</subfield>
  </datafield>
  <datafield tag="040" ind1=" " ind2=" ">
    <subfield code="a">IN-DiNC</subfield>
    <subfield code="c">IN-DiNC</subfield>
  </datafield>
  <datafield tag="041" ind1=" " ind2=" ">
    <subfield code="d">asm</subfield>
  </datafield>
  <datafield tag="082" ind1=" " ind2=" ">
    <subfield code="a">020</subfield>
    <subfield code="b">ROH</subfield>
  </datafield>
  <datafield tag="100" ind1=" " ind2=" ">
    <subfield code="a">Rohman, Wakidur</subfield>
    <subfield code="e">author</subfield>
  </datafield>
  <datafield tag="245" ind1=" " ind2=" ">
    <subfield code="a">Snatak mahalar granthagar aru tathya bijnan/</subfield>
    <subfield code="c">by Wakidur Rohman</subfield>
  </datafield>
  <datafield tag="250" ind1=" " ind2=" ">
    <subfield code="a">1st ed.</subfield>
  </datafield>
  <datafield tag="260" ind1=" " ind2=" ">
    <subfield code="a">Guwahati</subfield>
    <subfield code="b">EBH publishers,</subfield>
    <subfield code="c">2021</subfield>
  </datafield>
  <datafield tag="300" ind1=" " ind2=" ">
    <subfield code="a">189p.</subfield>
  </datafield>
  <datafield tag="650" ind1=" " ind2=" ">
    <subfield code="a">Library and information science</subfield>
  </datafield>
  <datafield tag="942" ind1=" " ind2=" ">
    <subfield code="2">ddc</subfield>
    <subfield code="c">BK</subfield>
  </datafield>
  <datafield tag="999" ind1=" " ind2=" ">
    <subfield code="c">11092</subfield>
    <subfield code="d">11092</subfield>
  </datafield>
  <datafield tag="952" ind1=" " ind2=" ">
    <subfield code="0">0</subfield>
    <subfield code="1">0</subfield>
    <subfield code="2">ddc</subfield>
    <subfield code="4">0</subfield>
    <subfield code="7">0</subfield>
    <subfield code="a">MAIN</subfield>
    <subfield code="b">MAIN</subfield>
    <subfield code="c">GEN</subfield>
    <subfield code="d">2020-12-05</subfield>
    <subfield code="g">275.00</subfield>
    <subfield code="l">10</subfield>
    <subfield code="o">020 ROH</subfield>
    <subfield code="p">28570</subfield>
    <subfield code="r">2021-10-25 00:00:00</subfield>
    <subfield code="s">2021-10-06</subfield>
    <subfield code="t">1</subfield>
    <subfield code="w">2020-12-05</subfield>
    <subfield code="y">BK</subfield>
  </datafield>
  <datafield tag="952" ind1=" " ind2=" ">
    <subfield code="0">0</subfield>
    <subfield code="1">0</subfield>
    <subfield code="2">ddc</subfield>
    <subfield code="4">0</subfield>
    <subfield code="7">0</subfield>
    <subfield code="a">MAIN</subfield>
    <subfield code="b">MAIN</subfield>
    <subfield code="c">GEN</subfield>
    <subfield code="d">2020-12-05</subfield>
    <subfield code="g">275.00</subfield>
    <subfield code="l">12</subfield>
    <subfield code="o">020 ROH</subfield>
    <subfield code="p">28571</subfield>
    <subfield code="r">2021-10-23 00:00:00</subfield>
    <subfield code="s">2021-10-06</subfield>
    <subfield code="t">2</subfield>
    <subfield code="w">2020-12-05</subfield>
    <subfield code="y">BK</subfield>
  </datafield>
  <datafield tag="952" ind1=" " ind2=" ">
    <subfield code="0">0</subfield>
    <subfield code="1">0</subfield>
    <subfield code="2">ddc</subfield>
    <subfield code="4">0</subfield>
    <subfield code="7">0</subfield>
    <subfield code="a">MAIN</subfield>
    <subfield code="b">MAIN</subfield>
    <subfield code="c">GEN</subfield>
    <subfield code="d">2020-12-05</subfield>
    <subfield code="g">275.00</subfield>
    <subfield code="l">11</subfield>
    <subfield code="o">020 ROH</subfield>
    <subfield code="p">28572</subfield>
    <subfield code="r">2021-09-25 00:00:00</subfield>
    <subfield code="s">2021-09-06</subfield>
    <subfield code="t">3</subfield>
    <subfield code="w">2020-12-05</subfield>
    <subfield code="y">BK</subfield>
  </datafield>
  <datafield tag="952" ind1=" " ind2=" ">
    <subfield code="0">0</subfield>
    <subfield code="1">0</subfield>
    <subfield code="2">ddc</subfield>
    <subfield code="4">0</subfield>
    <subfield code="7">0</subfield>
    <subfield code="a">MAIN</subfield>
    <subfield code="b">MAIN</subfield>
    <subfield code="c">GEN</subfield>
    <subfield code="d">2020-12-05</subfield>
    <subfield code="g">275.00</subfield>
    <subfield code="l">10</subfield>
    <subfield code="o">020 ROH</subfield>
    <subfield code="p">28573</subfield>
    <subfield code="r">2021-09-06 00:00:00</subfield>
    <subfield code="s">2021-08-21</subfield>
    <subfield code="t">4</subfield>
    <subfield code="w">2020-12-05</subfield>
    <subfield code="y">BK</subfield>
  </datafield>
  <datafield tag="952" ind1=" " ind2=" ">
    <subfield code="0">0</subfield>
    <subfield code="1">0</subfield>
    <subfield code="2">ddc</subfield>
    <subfield code="4">0</subfield>
    <subfield code="7">0</subfield>
    <subfield code="a">MAIN</subfield>
    <subfield code="b">MAIN</subfield>
    <subfield code="c">GEN</subfield>
    <subfield code="d">2020-12-05</subfield>
    <subfield code="g">275.00</subfield>
    <subfield code="l">6</subfield>
    <subfield code="o">020 ROH</subfield>
    <subfield code="p">28574</subfield>
    <subfield code="r">2021-09-06 00:00:00</subfield>
    <subfield code="s">2021-03-15</subfield>
    <subfield code="t">5</subfield>
    <subfield code="w">2020-12-05</subfield>
    <subfield code="y">BK</subfield>
  </datafield>
</record>
